000 00893 a2200205 4500
008 090417t xxu||||| |||| 00| 0 hin d
010 _aB-307052
020 _c175.00
_a8185478562
035 _aB-307052
037 _bज्ञान भारती
040 _adpl
_bHIN
082 _a158.1
100 _aगोहिल, वीरेन
245 _aसफलता के 60 क़दम /
_cवीरेन गोहिल
260 _aदिल्ली
_bज्ञान भारती
_c2005
270 _a4/14, रूप नगर
_bदिल्ली
_cदिल्ली
_e110007
300 _a154पृ,
_c22 सेमी (सजिल्द)
942 _adpl
_cHN
_2ddc
_h158.1
_mगोहिल
999 _c12836
_d12836